Statistics for Countries with the Most French Speakers

Click here to take the quiz!

General Stats

  • This quiz has been taken 70 times
  • The average score is 8 of 10

Answer Stats

PlaceStatusSpeakersAnswer% Correct
1.National63 678 077France
98%
7.Official10 981 937Canada
93%
2.Official42 533 172D.R.C.
91%
3.27 803 847Algeria
89%
10.National8 678 247Belgium
88%
4.12 729 432Morocco
82%
9.National10 006 474Cameroon
66%
5.12 242 129Germany
64%
6.11 519 521Italy
63%
8.10 930 735U.K.
61%

Score Distribution

Percentile by Number Answered

Percent of People with Each Score

Your Score History

You have not taken this quiz